000 00602nam a22002057a 4500
003 OSt
005 20241017123417.0
008 241017b |||||||| |||| 00| 0 eng d
020 _a8179920356
040 _aMMU
_beng
_cMMU
_dMMU
050 _aHD 2746.6 .S54 2005
100 _aSherman, Andrew J.
_92107
245 _aInnovative Strategies Parting Company /
_cAndrew J. Sherman.
260 _aMumbai :
_bJaico Publishing House,
_c2005
300 _axxii, 254 Pages :
_bIllustrations ;
504 _aIncludes index.
650 _aBusiness
_9428
650 _aInnovation
_92108
942 _2lcc
_cLOAN LOAN
999 _c33130
_d33127